| 000 | 00710nam a22001937a 4500 | ||
|---|---|---|---|
| 999 |
_c8267 _d8267 |
||
| 003 | AR-CdUCM | ||
| 008 | 190322b ||||| |||| 00| 0 esp d | ||
| 040 |
_aMUNICIPALIDAD PROVINCIAL DEL CUSCO _cBIBLIOTECA MUNICIPAL DEL CUSCO |
||
| 082 |
_a335.4 / _bH17 |
||
| 100 |
_aHaldane, J. B. S. _923261 |
||
| 245 | _aLa Filosofía marxista y las ciencias / | ||
| 260 |
_aBuenos Aires : _bSiglo veinte, _c1946. |
||
| 300 |
_a219 paginas ; _c20 cm. |
||
| 505 | _aContenido: Algunos principios marxistas -- Matemáticas y cosmología -- La teoría de los quantos y la química -- Biología -- Psicología -- Sociología. | ||
| 650 |
_aMarxismo _924 |
||
| 650 |
_aCiencia _92098 |
||
| 942 |
_2ddc _cLIBROS |
||
| 945 | _aacrt | ||